محاسبة التكاليف الصناعية / (Record no. 17919)
[ view plain ]
| 000 -LEADER | |
|---|---|
| fixed length control field | 00557nam a22001937a 4500 |
| 005 - DATE AND TIME OF LATEST TRANSACTION | |
| control field | 20251108164934.0 |
| 008 - FIXED-LENGTH DATA ELEMENTS--GENERAL INFORMATION | |
| fixed length control field | 250721s9999 xx 000 0 ara d |
| 082 14 - DEWEY DECIMAL CLASSIFICATION NUMBER | |
| Classification number | 657.42/محا |
| 100 1# - MAIN ENTRY--PERSONAL NAME | |
| Personal name | الأخرس، عاطف |
| 245 10 - TITLE STATEMENT | |
| Title | محاسبة التكاليف الصناعية / |
| 264 1# - PRODUCTION, PUBLICATION, DISTRIBUTION, MANUFACTURE, AND COPYRIGHT NOTICE | |
| Place of production, publication, distribution, manufacture | عمان : |
| Name of producer, publisher, distributor, manufacturer | دار البركة، |
| Date of production, publication, distribution, manufacture, or copyright notice | [19-]. |
| 300 ## - PHYSICAL DESCRIPTION | |
| Extent | ص |
| 650 17 - SUBJECT ADDED ENTRY--TOPICAL TERM | |
| Topical term or geographic name as entry element | محاسبة التكاليف |
| 650 17 - SUBJECT ADDED ENTRY--TOPICAL TERM | |
| Topical term or geographic name as entry element | الصناعة |
| 700 1# - ADDED ENTRY--PERSONAL NAME | |
| Personal name | الهبنيني، إيمان |
| 700 1# - ADDED ENTRY--PERSONAL NAME | |
| Personal name | حمودة، سمير |
| 942 ## - ADDED ENTRY ELEMENTS (KOHA) | |
| Source of classification or shelving scheme | Dewey Decimal Classification |
| Koha item type | Books |
| حالة السحب | حالة الفقدان | مصدر التصنيف | حالة التلف | غير قابل للإعارة | المكتبة الرئيسية | المكتبة الحالية | موقع الرف | تاريخ التزويد | الرقم المتسلسل | Total Checkouts | رقم الإستدعاء | الباركود | تاريخ آخر ظهور | تاريخ الفاتورة | نوع المادة (كوها) |
|---|---|---|---|---|---|---|---|---|---|---|---|---|---|---|---|
| Dewey Decimal Classification | المكتبة المركزية | المكتبة المركزية | الإعارة | 06/07/2004 | 466166 | 657.42/محا | 466166 | 28/07/2025 | 06/07/2004 | Books | |||||
| Dewey Decimal Classification | المكتبة المركزية | المكتبة المركزية | الإعارة | 06/07/2004 | 466168 | 657.42/محا | 466168 | 28/07/2025 | 06/07/2004 | Books | |||||
| Dewey Decimal Classification | المكتبة المركزية | المكتبة المركزية | الإعارة | 06/07/2004 | 466169 | 657.42/محا | 466169 | 28/07/2025 | 06/07/2004 | Books | |||||
| Dewey Decimal Classification | مكتبة أبو علندا العامة | مكتبة أبو علندا العامة | الإعارة | 06/07/2004 | 466180 | 657.42/محا | 466180 | 28/07/2025 | 06/07/2004 | Books | |||||
| Dewey Decimal Classification | Unchecked | مكتبة الجويدة | مكتبة الجويدة | الإعارة | 28/07/2025 | 466175 | 657.42/محا | 28/07/2025 | 28/07/2025 | Books | |||||
| Dewey Decimal Classification | Unchecked | مكتبة الحسن العامة | مكتبة الحسن العامة | الإعارة | 06/07/2004 | 466176 | 657.42/محا | 28/07/2025 | 06/07/2004 | Books | |||||
| Dewey Decimal Classification | مكتبة صويلح العامة | مكتبة صويلح العامة | الإعارة | 06/07/2004 | 466172 | 657.42/محا | 466172 | 28/07/2025 | 06/07/2004 | Books |